[Event "HUN-chT2 Szechenyi 1112"]
[Site "Hungary"]
[Date "2012.04.22"]
[Round "9.6"]
[White "Vegh, Istvan"]
[Black "Pal, Csanad"]
[Result "1/2-1/2"]
[WhiteElo "1928"]
[BlackElo "1845"]
[PlyCount "58"]
[EventDate "2011.09.25"]
[EventType "team-tourn"]
[EventRounds "11"]
[EventCountry "HUN"]
[SourceTitle "EXT 2013"]
[Source "ChessBase"]
[SourceDate "2012.11.22"]
[SourceVersion "1"]
[SourceVersionDate "2012.11.22"]
[SourceQuality "1"]
[WhiteTeam "Arboretum"]
[BlackTeam "Haladas"]
[WhiteTeamCountry "HUN"]
[BlackTeamCountry "HUN"]

1. d4 d5 2. c4 e6 3. cxd5 exd5 4. Nf3 Nf6 5. Bg5 Be7 6. e3 Bf5 7. Bd3 Ne4 8. Bxe7 Qxe7 9. 0-0 0-0 10. Qb3 c6 11. Nbd2 Nd7 12. Rfd1 Rfe8 13. Rac1 g6 14. Re1 Nb6 15. Bxe4 dxe4 16. Ne5 Be6 17. Qc2 Nd5 18. a3 f6 19. Nec4 a5 20. Nxe4 Bf5 21. f3 Bxe4 22. fxe4 Qxe4 23. Qxe4 Rxe4 24. Kf2 f5 25. g3 Re6 26. h3 Nf6 27. Nd2 Rae8 28. b3 Rf8 29. Kg2 Rfe8 1/2-1/2

[Event "HUN-chT2 Szechenyi 1112"]
[Site "Hungary"]
[Date "2012.03.25"]
[Round "8.6"]
[White "Szakaly, Laszlo"]
[Black "Vegh, Istvan"]
[Result "1/2-1/2"]
[WhiteElo "2062"]
[BlackElo "1928"]
[PlyCount "49"]
[EventDate "2011.09.25"]
[EventType "team-tourn"]
[EventRounds "11"]
[EventCountry "HUN"]
[SourceTitle "EXT 2013"]
[Source "ChessBase"]
[SourceDate "2012.11.22"]
[SourceVersion "1"]
[SourceVersionDate "2012.11.22"]
[SourceQuality "1"]
[WhiteTeam "Keszthely"]
[BlackTeam "Arboretum"]
[WhiteTeamCountry "HUN"]
[BlackTeamCountry "HUN"]

1. e4 d5 2. exd5 Nf6 3. Nf3 Nxd5 4. d4 Bg4 5. c4 Nb6 6. c5 Bxf3 7. Qxf3 Nd5 8. Qb3 b6 9. Bg5 h6 10. Bc4 c6 11. Nc3 hxg5 12. Nxd5 e6 13. Ne3 b5 14. Bxe6 fxe6 15. Qxe6+ Qe7 16. Qg6+ Qf7 17. Qe4+ Be7 18. Nf5 Kf8 19. 0-0-0 g6 20. Nxe7 Qxe7 21. Qxg6 Rg8 22. Qh6+ Qg7 23. Qd6+ Qe7 24. Qh6+ Qg7 25. Qd6+ 1/2-1/2

[Event "HUN-chT2 Szechenyi 1112"]
[Site "Hungary"]
[Date "2012.02.19"]
[Round "6.6"]
[White "Vucko, Jozsef"]
[Black "Vegh, Istvan"]
[Result "1-0"]
[WhiteElo "2054"]
[BlackElo "1928"]
[PlyCount "77"]
[EventDate "2011.09.25"]
[EventType "team-tourn"]
[EventRounds "11"]
[EventCountry "HUN"]
[SourceTitle "EXT 2013"]
[Source "ChessBase"]
[SourceDate "2012.11.22"]
[SourceVersion "1"]
[SourceVersionDate "2012.11.22"]
[SourceQuality "1"]
[WhiteTeam "Alsoszolnok"]
[BlackTeam "Arboretum"]
[WhiteTeamCountry "HUN"]
[BlackTeamCountry "HUN"]

1. c4 c6 2. Nc3 d5 3. e3 Nf6 4. d4 e6 5. a3 Be7 6. Bd3 0-0 7. Nf3 dxc4 8. Bxc4 Nbd7 9. 0-0 Nb6 10. Ba2 Nbd5 11. Ne2 Ne4 12. Qc2 Ng5 13. Ne1 f5 14. f3 Qc7 15. Nd3 b6 16. Bd2 Nf7 17. Rac1 Ba6 18. e4 fxe4 19. fxe4 Nf6 20. Nef4 Nd8 21. Nxe6 Nxe6 22. Bxe6+ Kh8 23. e5 Ne4 24. Rxf8+ Rxf8 25. Be3 Bg5 26. Bxg5 Nxg5 27. Bc4 Bb7 28. Qd2 Qd8 29. Qe3 Qe7 30. Nf4 Rf6 31. Qg3 Rh6 32. Re1 b5 33. Ba2 a5 34. Qg4 Rd6 35. Rf1 Rd8 36. h4 Nf7 37. Ng6+ hxg6 38. Rxf7 Bc8 39. Qxg6 1-0

[Event "HUN-chT2 Szechenyi 1112"]
[Site "Hungary"]
[Date "2012.01.29"]
[Round "5.7"]
[White "Gyarmati, Janos"]
[Black "Vegh, Istvan"]
[Result "1-0"]
[WhiteElo "2056"]
[BlackElo "1928"]
[PlyCount "71"]
[EventDate "2011.09.25"]
[EventType "team-tourn"]
[EventRounds "11"]
[EventCountry "HUN"]
[SourceTitle "EXT 2013"]
[Source "ChessBase"]
[SourceDate "2012.11.22"]
[SourceVersion "1"]
[SourceVersionDate "2012.11.22"]
[SourceQuality "1"]
[WhiteTeam "Tapolca"]
[BlackTeam "Arboretum"]
[WhiteTeamCountry "HUN"]
[BlackTeamCountry "HUN"]

1. e4 d5 2. exd5 Nf6 3. d4 Nxd5 4. Nf3 Bg4 5. Be2 e6 6. h3 Bh5 7. 0-0 Be7 8. c3 0-0 9. Ne5 Bxe2 10. Qxe2 Nd7 11. f4 c5 12. Kh1 cxd4 13. cxd4 Rc8 14. Nd2 N7f6 15. a3 Qc7 16. Ndc4 Rfd8 17. Bd2 b6 18. f5 exf5 19. Rxf5 g6 20. Rf3 Bf8 21. Raf1 Bg7 22. Bg5 b5 23. Ne3 Nxe3 24. Qxe3 Nd5 25. Qb3 f6 26. Bxf6 Bxf6 27. Rxf6 Qc2 28. Qa2 Kg7 29. Rf7+ Kh6 30. R7f2 Qe4 31. Nf7+ Kh5 32. Nxd8 Rxd8 33. Qb3 Ne3 34. Re1 Rf8 35. Rfe2 Rf2 36. Rxf2 1-0

[Event "HUN-chT2 Szechenyi 1112"]
[Site "Hungary"]
[Date "2011.11.27"]
[Round "4.7"]
[White "Vegh, Istvan"]
[Black "Forgacs, Mihaly"]
[Result "1/2-1/2"]
[WhiteElo "1928"]
[BlackElo "1871"]
[PlyCount "40"]
[EventDate "2011.09.25"]
[EventType "team-tourn"]
[EventRounds "11"]
[EventCountry "HUN"]
[SourceTitle "EXT 2013"]
[Source "ChessBase"]
[SourceDate "2012.11.22"]
[SourceVersion "1"]
[SourceVersionDate "2012.11.22"]
[SourceQuality "1"]
[WhiteTeam "Arboretum"]
[BlackTeam "Pet"]
[WhiteTeamCountry "HUN"]
[BlackTeamCountry "HUN"]

1. d4 d5 2. c4 e6 3. Nc3 Nf6 4. Bg5 Be7 5. Nf3 c6 6. e3 0-0 7. Bd3 Nbd7 8. 0-0 h6 9. Bh4 dxc4 10. Bxc4 Nd5 11. Bg3 N7b6 12. Bb3 Bd6 13. Nxd5 exd5 14. Ne5 Bf5 15. Bc2 Bxc2 16. Qxc2 Rc8 17. b3 Qe7 18. Qf5 Bxe5 19. Bxe5 Nd7 20. Bg3 Qe6 1/2-1/2

[Event "HUN-chT2 Szechenyi 1011"]
[Site "Hungary"]
[Date "2011.05.15"]
[Round "11.6"]
[White "Toth, Tibor"]
[Black "Vegh, Istvan"]
[Result "1-0"]
[WhiteElo "1967"]
[BlackElo "1934"]
[PlyCount "83"]
[EventDate "2010.09.12"]
[EventType "team-tourn"]
[EventRounds "11"]
[EventCountry "HUN"]
[SourceTitle "EXT 2012"]
[Source "ChessBase"]
[SourceDate "2011.11.24"]
[SourceVersion "1"]
[SourceVersionDate "2011.11.24"]
[SourceQuality "1"]
[WhiteTeam "HVSE Infraplan"]
[BlackTeam "Arboretum"]
[WhiteTeamCountry "HUN"]
[BlackTeamCountry "HUN"]

1. e4 d5 2. exd5 Nf6 3. Bb5+ Bd7 4. Bc4 b5 5. Be2 Nxd5 6. d4 e6 7. Nf3 Be7 8. 0-0 0-0 9. a4 b4 10. c4 bxc3 11. bxc3 c5 12. Bd3 cxd4 13. cxd4 Nb4 14. Be4 Bc6 15. Nc3 Nd5 16. Nxd5 Bxd5 17. Qc2 h6 18. Ne5 Na6 19. Nc6 Bxc6 20. Qxc6 Nc7 21. Be3 Nd5 22. Bxd5 exd5 23. Rab1 Rc8 24. Qa6 Qd7 25. Rb7 Rc7 26. Rfb1 Rfc8 27. Qxa7 Qc6 28. h3 Bd6 29. g3 Qd7 30. Kg2 Qf5 31. Re1 Qe4+ 32. Kh2 h5 33. Rxc7 Rxc7 34. Qb6 Qg6 35. Qb8+ Kh7 36. Qd8 h4 37. Qxh4+ Kg8 38. Qd8+ Kh7 39. Qh4+ Kg8 40. Bf4 Rc2 41. Re8+ Bf8 42. Rxf8+ 1-0

[Event "HUN-chT2 Szechenyi 1011"]
[Site "Hungary"]
[Date "2010.09.26"]
[Round "2.5"]
[White "Vegh, Istvan"]
[Black "Babocs, Gyula"]
[Result "0-1"]
[WhiteElo "1934"]
[BlackElo "2016"]
[PlyCount "88"]
[EventDate "2010.09.12"]
[EventType "team-tourn"]
[EventRounds "11"]
[EventCountry "HUN"]
[SourceTitle "EXT 2012"]
[Source "ChessBase"]
[SourceDate "2011.11.24"]
[SourceVersion "1"]
[SourceVersionDate "2011.11.24"]
[SourceQuality "1"]
[WhiteTeam "Arboretum"]
[BlackTeam "Ajka Banyasz"]
[WhiteTeamCountry "HUN"]
[BlackTeamCountry "HUN"]

1. d4 g6 2. c4 Bg7 3. Nf3 d6 4. Nc3 Nc6 5. e3 e5 6. dxe5 Nxe5 7. Nxe5 Bxe5 8. Qc2 Ne7 9. Bd3 0-0 10. h4 h5 11. Ne4 Bf5 12. Bd2 d5 13. Ng3 Bxd3 14. Qxd3 Bxg3 15. fxg3 dxc4 16. Qxc4 Qd5 17. Qxd5 Nxd5 18. Rc1 Rfe8 19. Ke2 Re4 20. Rhf1 Rae8 21. Rf3 f5 22. Kd3 Rd8 23. Ke2 c6 24. b3 Rde8 25. Rc4 Rxc4 26. bxc4 Nf6 27. Bc3 Ne4 28. Kd3 Rd8+ 29. Kc2 b5 30. cxb5 cxb5 31. Bd4 Rc8+ 32. Kb2 a5 33. Be5 Nd2 34. Bc3 Nxf3 35. gxf3 b4 36. Bd2 Kf7 37. e4 fxe4 38. fxe4 Ke6 39. Bf4 Rc4 40. e5 Rc3 41. Kb1 Rf3 42. Kb2 a4 43. Kc2 b3+ 44. axb3 Rxb3 0-1

[Event "HUN-chT2 Szechenyi 1011"]
[Site "Hungary"]
[Date "2010.09.12"]
[Round "1.6"]
[White "Vegh, Istvan"]
[Black "Solyomvari, Roxanne"]
[Result "1/2-1/2"]
[WhiteElo "1934"]
[BlackElo "2006"]
[PlyCount "63"]
[EventDate "2010.09.12"]
[EventType "team-tourn"]
[EventRounds "11"]
[EventCountry "HUN"]
[SourceTitle "EXT 2012"]
[Source "ChessBase"]
[SourceDate "2011.11.24"]
[SourceVersion "1"]
[SourceVersionDate "2011.11.24"]
[SourceQuality "1"]
[WhiteTeam "Arboretum"]
[BlackTeam "Alsoszolnok"]
[WhiteTeamCountry "HUN"]
[BlackTeamCountry "HUN"]

1. d4 Nf6 2. c4 g6 3. Nc3 d5 4. Bg5 c6 5. Bxf6 exf6 6. cxd5 Qb6 7. Qb3 Qxd4 8. Nf3 Qb4 9. e4 Qxb3 10. axb3 Bb4 11. dxc6 Nxc6 12. Bc4 Bg4 13. 0-0-0 Bxc3 14. bxc3 Ke7 15. Rd2 Bxf3 16. gxf3 Rhd8 17. Bd5 Rac8 18. Bxc6 Rxc6 19. Rxd8 Kxd8 20. Rd1+ Ke7 21. Kc2 Ra6 22. Kb2 Re6 23. c4 f5 24. Rd4 g5 25. Kc3 Rh6 26. exf5 Rxh2 27. Rd2 Rh3 28. Rd3 Rh2 29. Rd2 Rh3 30. Rd3 Rh2 31. Rd2 Rh3 32. Rd3 1/2-1/2

[Event "HUN-chT2 Szechenyi 0910"]
[Site "Hungary"]
[Date "2010.03.21"]
[Round "8.5"]
[White "Vajda, Attila"]
[Black "Vegh, Istvan"]
[Result "1/2-1/2"]
[WhiteElo "1980"]
[BlackElo "1938"]
[PlyCount "73"]
[EventDate "2009.11.08"]
[EventType "team-tourn"]
[EventRounds "11"]
[EventCountry "HUN"]
[SourceTitle "EXT 2011"]
[Source "ChessBase"]
[SourceDate "2010.11.26"]
[SourceVersion "1"]
[SourceVersionDate "2010.11.26"]
[SourceQuality "1"]
[WhiteTeam "Tapolca Szeremley"]
[BlackTeam "Arboretum"]
[WhiteTeamCountry "HUN"]
[BlackTeamCountry "HUN"]

1. d4 d5 2. Nf3 Nf6 3. g3 e6 4. Bg2 c5 5. 0-0 Nc6 6. dxc5 Bxc5 7. a3 0-0 8. b4 Be7 9. Bb2 b6 10. c4 Bb7 11. cxd5 Nxd5 12. Nbd2 Bf6 13. Bxf6 Nxf6 14. Re1 Qe7 15. Qb3 Rfd8 16. e3 Rac8 17. Rac1 e5 18. Qb2 e4 19. Ng5 Ne5 20. Rxc8 Rxc8 21. Rc1 Rxc1+ 22. Qxc1 h6 23. Ngxe4 Nxe4 24. Nxe4 Nd3 25. Qc4 Ne1 26. Bh1 Qd7 27. Qe2 Nd3 28. Qd2 Ne5 29. Nf6+ gxf6 30. Qxd7 Nxd7 31. Bxb7 Ne5 32. Bd5 Kf8 33. Kf1 Ke7 34. f4 Ng4 35. Ke2 Nxh2 36. Bf3 f5 37. Bh5 1/2-1/2

[Event "HUN-chT2 Szechenyi 0809"]
[Site "Hungary"]
[Date "2009.04.05"]
[Round "10.8"]
[White "Babos, Zsolt"]
[Black "Vegh, Istvan"]
[Result "1-0"]
[WhiteElo "1953"]
[BlackElo "1951"]
[PlyCount "103"]
[EventDate "2008.10.26"]
[EventType "team-tourn"]
[EventRounds "11"]
[EventCountry "HUN"]
[SourceTitle "EXT 2010"]
[Source "ChessBase"]
[SourceDate "2010.11.25"]
[SourceVersion "1"]
[SourceVersionDate "2010.11.25"]
[SourceQuality "1"]
[WhiteTeam "Haladas"]
[BlackTeam "Arboretum"]
[WhiteTeamCountry "HUN"]
[BlackTeamCountry "HUN"]

1. d4 d5 2. Nf3 Nf6 3. g3 Bg4 4. Bg2 e6 5. 0-0 c5 6. c4 Nc6 7. cxd5 Nxd5 8. Ne5 Nxe5 9. dxe5 Qa5 10. h3 Bh5 11. g4 Bg6 12. Bxd5 exd5 13. Qxd5 Qb6 14. Rd1 Rd8 15. Qxd8+ Qxd8 16. Rxd8+ Kxd8 17. Nc3 f6 18. exf6 gxf6 19. Bf4 h5 20. Rd1+ Ke8 21. Nb5 Bc2 22. Nc7+ Kf7 23. Rd7+ Kg6 24. Ne6 hxg4 25. hxg4 Be4 26. f3 Bc6 27. Rd8 Kf7 28. Rxf8+ Rxf8 29. Nxf8 Kxf8 30. Bd6+ Kf7 31. Bxc5 a6 32. Kf2 Bd5 33. a3 a5 34. e4 Bc4 35. Ke3 b5 36. f4 Bb3 37. Bb6 a4 38. Bd8 Bd1 39. g5 fxg5 40. Bxg5 Bc2 41. Kd4 Bb3 42. Kc5 Bc4 43. Kd6 Bd3 44. e5 Bf5 45. Bf6 Bg4 46. Bh4 Bh3 47. Kc6 Bf1 48. f5 Bd3 49. e6+ Ke8 50. f6 Kf8 51. Kd6 Bf5 52. f7 1-0

[Event "HUN-chT2 Szechenyi 0809"]
[Site "Hungary"]
[Date "2009.02.22"]
[Round "8.5"]
[White "Vegh, Istvan"]
[Black "Jankai, Zoltan"]
[Result "1/2-1/2"]
[WhiteElo "1951"]
[BlackElo "1894"]
[PlyCount "29"]
[EventDate "2008.10.26"]
[EventType "team-tourn"]
[EventRounds "11"]
[EventCountry "HUN"]
[SourceTitle "EXT 2010"]
[Source "ChessBase"]
[SourceDate "2010.11.25"]
[SourceVersion "1"]
[SourceVersionDate "2010.11.25"]
[SourceQuality "1"]
[WhiteTeam "Arboretum"]
[BlackTeam "Alsoszolnok"]
[WhiteTeamCountry "HUN"]
[BlackTeamCountry "HUN"]

1. d4 d5 2. c4 dxc4 3. Nc3 e6 4. Bf4 Bd6 5. Bxd6 cxd6 6. Qa4+ Bd7 7. Qxc4 d5 8. Qb3 Nc6 9. e3 Nge7 10. Nf3 0-0 11. Be2 Na5 12. Qd1 a6 13. 0-0 f6 14. Rc1 b5 15. b3 1/2-1/2

[Event "HUN-chT2 Szechenyi 0809"]
[Site "Hungary"]
[Date "2009.02.16"]
[Round "7.7"]
[White "Vegh, Istvan"]
[Black "Schleinig, Pal"]
[Result "1/2-1/2"]
[WhiteElo "1951"]
[BlackElo "2030"]
[PlyCount "24"]
[EventDate "2008.10.26"]
[EventType "team-tourn"]
[EventRounds "11"]
[EventCountry "HUN"]
[SourceTitle "EXT 2010"]
[Source "ChessBase"]
[SourceDate "2010.11.25"]
[SourceVersion "1"]
[SourceVersionDate "2010.11.25"]
[SourceQuality "1"]
[WhiteTeam "Arboretum"]
[BlackTeam "Keszthely"]
[WhiteTeamCountry "HUN"]
[BlackTeamCountry "HUN"]

1. d4 Nf6 2. c4 g6 3. Nf3 Bg7 4. Nc3 d6 5. e4 0-0 6. Be2 Bg4 7. h3 Bxf3 8. Bxf3 e5 9. dxe5 dxe5 10. 0-0 Nc6 11. Be3 a6 12. Ne2 Qxd1 1/2-1/2

[Event "HUN-chT2 Szechenyi 0809"]
[Site "Hungary"]
[Date "2009.01.25"]
[Round "6.8"]
[White "Vegh, Istvan"]
[Black "Nagy, Tibor"]
[Result "1-0"]
[WhiteElo "1951"]
[BlackElo "1854"]
[PlyCount "24"]
[EventDate "2008.10.26"]
[EventType "team-tourn"]
[EventRounds "11"]
[EventCountry "HUN"]
[SourceTitle "EXT 2010"]
[Source "ChessBase"]
[SourceDate "2010.11.25"]
[SourceVersion "1"]
[SourceVersionDate "2010.11.25"]
[SourceQuality "1"]
[WhiteTeam "Arboretum"]
[BlackTeam "Flesch"]
[WhiteTeamCountry "HUN"]
[BlackTeamCountry "HUN"]

1. d4 d5 2. Nf3 Nf6 3. Bg5 h6 4. Bh4 e6 5. e3 Be7 6. c4 c5 7. Nc3 Nbd7 8. Rc1 cxd4 9. Nxd4 a6 10. a3 0-0 11. cxd5 Nxd5 12. Bxe7 Nxe7 1-0

[Event "HUN-chT2 Szechenyi 0809"]
[Site "Hungary"]
[Date "2009.01.11"]
[Round "5.7"]
[White "Vegh, Istvan"]
[Black "Horvath, Mark"]
[Result "1/2-1/2"]
[WhiteElo "1951"]
[BlackElo "1922"]
[PlyCount "52"]
[EventDate "2008.10.26"]
[EventType "team-tourn"]
[EventRounds "11"]
[EventCountry "HUN"]
[SourceTitle "EXT 2010"]
[Source "ChessBase"]
[SourceDate "2010.11.25"]
[SourceVersion "1"]
[SourceVersionDate "2010.11.25"]
[SourceQuality "1"]
[WhiteTeam "Arboretum"]
[BlackTeam "Tapolca II"]
[WhiteTeamCountry "HUN"]
[BlackTeamCountry "HUN"]

1. d4 f5 2. c4 Nf6 3. Nc3 e6 4. Nf3 b6 5. Bf4 Bb4 6. a3 Bxc3+ 7. bxc3 Bb7 8. e3 d6 9. Bd3 h6 10. h4 Nbd7 11. Qc2 Qe7 12. Be2 0-0-0 13. a4 Be4 14. Qb2 e5 15. Bh2 g5 16. Rg1 Ng4 17. a5 Bxf3 18. gxf3 Nxh2 19. Rg2 Nxf3+ 20. Bxf3 e4 21. Be2 Nf8 22. axb6 cxb6 23. Qb5 Qd7 24. hxg5 Rg8 25. g6 Qxb5 26. cxb5 Kb7 1/2-1/2

[Event "HUN-chT2 Szechenyi 0809"]
[Site "Hungary"]
[Date "2008.11.30"]
[Round "3.5"]
[White "Vegh, Istvan"]
[Black "Zamodics, Peter"]
[Result "1-0"]
[WhiteElo "1951"]
[BlackElo "1924"]
[PlyCount "47"]
[EventDate "2008.10.26"]
[EventType "team-tourn"]
[EventRounds "11"]
[EventCountry "HUN"]
[SourceTitle "EXT 2010"]
[Source "ChessBase"]
[SourceDate "2010.11.25"]
[SourceVersion "1"]
[SourceVersionDate "2010.11.25"]
[SourceQuality "1"]
[WhiteTeam "Arboretum"]
[BlackTeam "Kervaros"]
[WhiteTeamCountry "HUN"]
[BlackTeamCountry "HUN"]

1. d4 d5 2. Nf3 Nf6 3. c4 e6 4. Nc3 c6 5. cxd5 cxd5 6. Bg5 Be7 7. e3 Nc6 8. Rc1 a6 9. Bd3 Bd7 10. 0-0 0-0 11. Qe2 Rc8 12. a3 Re8 13. Bb1 Na7 14. Ne5 Bc6 15. f4 Nd7 16. Bxh7+ Kf8 17. Qh5 Nxe5 18. fxe5 f5 19. exf6 Bxf6 20. Qg6 Ke7 21. Rxf6 gxf6 22. Bxf6+ Kd7 23. Bxd8 Rcxd8 24. e4 1-0

[Event "HUN-chT2 Szechenyi 0809"]
[Site "Hungary"]
[Date "2008.11.21"]
[Round "4.6"]
[White "Vegh, Istvan"]
[Black "Vass, Daniel"]
[Result "0-1"]
[WhiteElo "1951"]
[BlackElo "1948"]
[PlyCount "100"]
[EventDate "2008.10.26"]
[EventType "team-tourn"]
[EventRounds "11"]
[EventCountry "HUN"]
[SourceTitle "EXT 2010"]
[Source "ChessBase"]
[SourceDate "2010.11.25"]
[SourceVersion "1"]
[SourceVersionDate "2010.11.25"]
[SourceQuality "1"]
[WhiteTeam "Arboretum"]
[BlackTeam "Baki Agrocentrum"]
[WhiteTeamCountry "HUN"]
[BlackTeamCountry "HUN"]

1. d4 d5 2. c4 e6 3. Nc3 Nf6 4. Bg5 Nbd7 5. e3 c6 6. Nf3 Qa5 7. Qc2 Ne4 8. Bh4 Bb4 9. Rc1 Qxa2 10. Bd3 Bxc3+ 11. bxc3 Qxc2 12. Rxc2 b6 13. cxd5 exd5 14. Bxe4 dxe4 15. Nd2 f5 16. Nc4 0-0 17. Kd2 Nf6 18. Ra1 Be6 19. Ne5 c5 20. c4 cxd4 21. exd4 Rfd8 22. Kc3 Rdc8 23. Kd2 Nd7 24. Nxd7 Bxd7 25. c5 bxc5 26. Rxc5 Rxc5 27. dxc5 Bb5 28. Ke3 Kf7 29. g4 g6 30. gxf5 gxf5 31. Kf4 Ke6 32. Rd1 Bd3 33. f3 a5 34. Bf2 a4 35. Ra1 a3 36. fxe4 fxe4 37. Bd4 Kd5 38. Ke3 Ra4 39. Bg7 a2 40. Rc1 Ra7 41. Ba1 Rc7 42. Bd4 Bb1 43. h4 h5 44. Rg1 Kc4 45. Rg5 Rf7 46. Ba1 Rf3+ 47. Kd2 e3+ 48. Ke2 Rh3 49. Re5 Bd3+ 50. Kd1 Rh1# 0-1

[Event "HUN-chT2 Szechenyi 0708"]
[Site "Hungary"]
[Date "2008.03.16"]
[Round "8"]
[White "Ruszin, Tibor"]
[Black "Vegh, Istvan"]
[Result "1/2-1/2"]
[WhiteElo "2129"]
[BlackElo "1953"]
[PlyCount "89"]
[EventDate "2007.10.14"]
[EventType "team"]
[EventRounds "11"]
[EventCountry "HUN"]
[SourceTitle "EXT 2009"]
[Source "ChessBase"]
[SourceDate "2008.11.26"]
[SourceVersion "1"]
[SourceVersionDate "2008.11.26"]
[SourceQuality "1"]
[WhiteTeam "Zala Volan"]
[BlackTeam "Arboretum"]
[WhiteTeamCountry "HUN"]
[BlackTeamCountry "HUN"]

1. Nf3 d5 2. c4 c6 3. Qc2 Nf6 4. g3 g6 5. Bg2 Bg7 6. 0-0 0-0 7. cxd5 cxd5 8. d4 Nc6 9. Rd1 Qb6 10. Nc3 Bf5 11. Qa4 Qb4 12. Qxb4 Nxb4 13. Bf4 Nh5 14. Bd2 Nc2 15. Rac1 Nxd4 16. Nxd4 Bxd4 17. Nxd5 Bxb2 18. Nxe7+ Kh8 19. Bc3+ Bxc3 20. Rxc3 Bg4 21. Rd2 Rad8 22. Rxd8 Rxd8 23. Bxb7 Rd7 24. Bc8 Rd1+ 25. Kg2 Bxe2 26. Ra3 Bf1+ 27. Kf3 Rd3+ 28. Rxd3 Bxd3 29. Nc6 Bc4 30. Nxa7 Bxa2 31. g4 Nf6 32. Nb5 h6 33. Nc7 Kg7 34. h4 Kf8 35. Kf4 Nd5+ 36. Nxd5 Bxd5 37. Ke5 Bc4 38. Kf6 Bb3 39. Bb7 Bc4 40. Be4 g5 41. hxg5 hxg5 42. Kxg5 Kg7 43. Kf4 f6 44. g5 fxg5+ 45. Kxg5 1/2-1/2

[Event "HUN-chT2 Szechenyi 0708"]
[Site "Hungary"]
[Date "2008.03.02"]
[Round "7"]
[White "Vegh, Istvan"]
[Black "Finszter, Mate"]
[Result "0-1"]
[WhiteElo "1953"]
[BlackElo "1918"]
[PlyCount "78"]
[EventDate "2007.10.14"]
[EventType "team"]
[EventRounds "11"]
[EventCountry "HUN"]
[SourceTitle "EXT 2009"]
[Source "ChessBase"]
[SourceDate "2008.11.26"]
[SourceVersion "1"]
[SourceVersionDate "2008.11.26"]
[SourceQuality "1"]
[WhiteTeam "Arboretum"]
[BlackTeam "Gyor Komszomol"]
[WhiteTeamCountry "HUN"]
[BlackTeamCountry "HUN"]

1. d4 Nf6 2. Nf3 e6 3. Bg5 d5 4. e3 Be7 5. c4 c6 6. Bd3 Nbd7 7. 0-0 0-0 8. Nc3 b6 9. Rc1 h6 10. Bh4 Bb7 11. Qe2 c5 12. Rfd1 Rc8 13. cxd5 exd5 14. dxc5 bxc5 15. Bf5 Ra8 16. Qb5 Nb6 17. Ne5 Bd6 18. Ng4 Be7 19. Bxf6 Bxf6 20. Qxc5 Bxc3 21. Rxc3 Na4 22. Qd4 Nxc3 23. bxc3 Bc8 24. e4 Bxf5 25. exf5 Re8 26. Ne3 Qg5 27. h4 Qh5 28. g3 Rad8 29. Nxd5 Kh8 30. c4 Qxf5 31. Qxa7 Qf3 32. Qd4 Re2 33. a4 Rde8 34. Rf1 Re1 35. Ne3 R8xe3 36. Qxe3 Rxe3 37. fxe3 Qxg3+ 38. Kh1 Qxh4+ 39. Kg2 Qxc4 0-1

[Event "HUN-chT2 Charousek 0506"]
[Site "Hungary"]
[Date "2006.02.26"]
[Round "8"]
[White "Vegh, Istvan"]
[Black "Jakobetz, Laszlo"]
[Result "0-1"]
[WhiteElo "1956"]
[BlackElo "2322"]
[PlyCount "86"]
[EventDate "2005.10.16"]
[EventType "team"]
[EventRounds "11"]
[EventCountry "HUN"]
[SourceTitle "EXT 2009"]
[Source "ChessBase"]
[SourceDate "2008.11.26"]
[SourceVersion "1"]
[SourceVersionDate "2008.11.26"]
[SourceQuality "1"]
[WhiteTeam "Szentgotthard"]
[BlackTeam "BEAC"]
[WhiteTeamCountry "HUN"]
[BlackTeamCountry "HUN"]

1. d4 d5 2. Nf3 c5 3. c3 Nc6 4. Bf4 Qb6 5. Qb3 Nf6 6. Qxb6 axb6 7. e3 c4 8. Nbd2 b5 9. Be2 Bf5 10. 0-0 b4 11. cxb4 Nxb4 12. a3 Nc6 13. Ne5 e6 14. Nxc6 bxc6 15. Rfc1 Kd7 16. Nf3 Bd6 17. Bxd6 Kxd6 18. Ne5 Rhb8 19. f3 Nd7 20. e4 Bg6 21. Nxg6 hxg6 22. e5+ Kc7 23. Rc2 c5 24. dxc5 Nxe5 25. f4 Nd7 26. Rac1 Rb3 27. c6 Nb6 28. Rd2 Na4 29. Rcc2 Rab8 30. Bxc4 dxc4 31. Rxc4 Nb6 32. Rcd4 Nd5 33. Ra4 Kxc6 34. Ra7 Rxb2 35. Rxb2 Rxb2 36. Rxf7 Rb7 37. Rf8 Ra7 38. Kf2 Kd6 39. g4 Ke7 40. Rg8 Kf7 41. Rb8 Nxf4 42. Kf3 g5 43. Rb3 Ng6 0-1

[Event "HUN-chT2 Charousek 0506"]
[Site "Hungary"]
[Date "2005.11.13"]
[Round "3"]
[White "Vegh, Istvan"]
[Black "Veszpremi, Andras"]
[Result "1/2-1/2"]
[WhiteElo "1956"]
[BlackElo "2097"]
[PlyCount "140"]
[EventDate "2005.10.16"]
[EventType "team"]
[EventRounds "11"]
[EventCountry "HUN"]
[SourceTitle "EXT 2009"]
[Source "ChessBase"]
[SourceDate "2008.11.26"]
[SourceVersion "1"]
[SourceVersionDate "2008.11.26"]
[SourceQuality "1"]
[WhiteTeam "Szentgotthard"]
[BlackTeam "Decs"]
[WhiteTeamCountry "HUN"]
[BlackTeamCountry "HUN"]

1. d4 Nf6 2. Nf3 c5 3. d5 d6 4. c4 g6 5. Nc3 Bg7 6. e4 0-0 7. Bd3 e6 8. 0-0 exd5 9. exd5 Re8 10. Bg5 Bg4 11. h3 Bxf3 12. Qxf3 Nbd7 13. Bf4 Qb6 14. Rab1 Nh5 15. Bh2 Ne5 16. Bxe5 Bxe5 17. Ne4 Nf4 18. Nf6+ Bxf6 19. Qxf4 Be5 20. Qd2 Qb4 21. Qxb4 cxb4 22. Rfe1 f5 23. Kf1 Kf7 24. Re2 Re7 25. Rbe1 Rae8 26. b3 f4 27. f3 Kf6 28. Re4 b6 29. R1e2 a5 30. Bc2 Kg5 31. Bd3 Ra8 32. Bc2 Rc8 33. Bd3 Rc5 34. g3 Rf7 35. gxf4+ Rxf4 36. Rg2+ Kf6 37. Rxf4+ Bxf4 38. Re2 Be5 39. Re4 g5 40. h4 h6 41. hxg5+ hxg5 42. Re2 Rc8 43. Rg2 Rh8 44. Be4 Bf4 45. Ke2 Rh1 46. Kd3 Rd1+ 47. Kc2 Ra1 48. Kd3 Rc1 49. Rc2 Rd1+ 50. Ke2 Rh1 51. Kd3 Ke5 52. Bg6 Re1 53. Re2+ Rxe2 54. Kxe2 Kd4 55. Be8 Kc3 56. Bd7 Kb2 57. Kd3 Kb1 58. Be8 Kc1 59. Bd7 Be5 60. Be8 Kd1 61. Bd7 Ke1 62. Kc2 Ke2 63. Bg4 Ke3 64. Bh5 Bd4 65. Bg4 Bc5 66. Bh5 b5 67. cxb5 Bb6 68. Bg4 Bd8 69. Bh5 Kd4 70. Bf7 Ke3 1/2-1/2